000
00235nam a2200097Ia 4500
008
190216s9999||||xx |||||||||||||| ||und||
100
_a
Hicks J R
245
0
_a
Samoohya Sambathika Chattakoodu
260
_b
Kerala Basha Inst
942
_c
BK
999
_c
38501
_d
38501